Tell It To The Skies (Record no. 581107)

MARC details
000 -LEADER
fixed length control field 00415nam a22001697a 4500
008 - FIXED-LENGTH DATA ELEMENTS--GENERAL INFORMATION
fixed length control field 250812b |||||||| |||| 00| 0 eng d
020 ## - INTERNATIONAL STANDARD BOOK NUMBER
ISBN 9780752875446
Paper back/Hardbound hbk
041 ## - LANGUAGE CODE
Language code of text/sound track or separate title eng
082 ## - DEWEY DECIMAL CLASSIFICATION NUMBER
Classification number 823.914 JAM
100 ## - MAIN ENTRY--AUTHOR NAME
Personal name James Erica
245 ## - TITLE STATEMENT
Title Tell It To The Skies
Statement of responsibility, etc / ERICA JAMES
250 ## - EDITION STATEMENT
Edition statement 1st ed
260 ## - PUBLICATION, DISTRIBUTION, ETC. (IMPRINT)
Place of publication London
Name of publisher Orion
Year of publication 2007
300 ## - PHYSICAL DESCRIPTION
Number of Pages 394P. :
Dimensions 24CM
942 ## - ADDED ENTRY ELEMENTS (KOHA)
Koha item type English Books
Holdings
Withdrawn status Lost status Damaged status Not for loan Home library Current library Shelving location Date acquired Full call number Accession Number Price effective from Koha item type
        Anna Centenary Library Anna Centenary Library 4TH FLOOR, B WING 12.08.2025 823.914 JAM 434452 12.08.2025 English Books
        Anna Centenary Library Anna Centenary Library 4TH FLOOR, B WING 14.08.2025 823.914 JAM 434451 14.08.2025 English Books

Find us on the map